[Event "Silkeborg"]
[Site "Silkeborg"]
[Date "1983.??.??"]
[Round "8"]
[White "Hebden, Mark"]
[Black "Brinck Claussen, Bjorn"]
[Result "1/2-1/2"]
[WhiteElo "2495"]
[BlackElo "2385"]
[PlyCount "93"]
[EventDate "1983.10.??"]
[EventType "tourn"]
[EventRounds "11"]
[EventCountry "DEN"]
[EventCategory "7"]
[Source "ChessBase"]
[SourceDate "1999.07.01"]

1. e4 c6 2. d4 d5 3. exd5 cxd5 4. c4 Nf6 5. Nc3 e6 6. Nf3 Be7 7. cxd5 Nxd5 8.
Bd3 Nc6 9. O-O O-O 10. Re1 Bf6 11. Be4 Nce7 12. Ne5 g6 13. Bh6 Bg7 14. Bxg7
Kxg7 15. Qf3 Qb6 16. Bxd5 Nxd5 17. Nxd5 exd5 18. Qxd5 Be6 19. Qe4 Qxb2 20. d5
Bf5 21. Qf4 Rad8 22. g4 Bc8 23. Rad1 Qb6 24. Re3 h6 25. h4 Qc5 26. Red3 f6 27.
Nf3 Qd6 28. Qd4 b6 29. g5 Rfe8 30. gxh6+ Kxh6 31. Re3 Rxe3 32. Qxe3+ Kg7 33.
Nd4 Bd7 34. Re1 Re8 35. Ne6+ Bxe6 36. dxe6 Re7 37. Qe4 a5 38. h5 gxh5 39. Kh1
Kf8 40. Qf5 Qc6+ 41. Kh2 Qd6+ 42. Kh3 Qd4 43. Re4 Qa1 44. Kh2 Rg7 45. e7+ Rxe7
46. Qc8+ Kf7 47. Qc4+ 1/2-1/2

[Event "Silkeborg"]
[Site "Silkeborg"]
[Date "1983.??.??"]
[Round "10"]
[White "Hebden, Mark"]
[Black "Radulov, Ivan"]
[Result "1/2-1/2"]
[WhiteElo "2495"]
[BlackElo "2490"]
[PlyCount "23"]
[EventDate "1983.10.??"]
[EventType "tourn"]
[EventRounds "11"]
[EventCountry "DEN"]
[EventCategory "7"]
[Source "ChessBase"]
[SourceDate "1999.07.01"]

1. e4 c5 2. f4 g6 3. Nf3 Bg7 4. g3 Nc6 5. Bg2 d6 6. d3 f5 7. Nc3 Nf6 8. O-O O-O
9. Kh1 e6 10. Be3 Qd7 11. Bg1 b6 12. exf5 1/2-1/2

[Event "Silkeborg"]
[Site "Silkeborg"]
[Date "1983.??.??"]
[Round "6"]
[White "Hebden, Mark"]
[Black "Knudsen, Per"]
[Result "1-0"]
[WhiteElo "2495"]
[BlackElo "2295"]
[PlyCount "61"]
[EventDate "1983.10.??"]
[EventType "tourn"]
[EventRounds "11"]
[EventCountry "DEN"]
[EventCategory "7"]
[Source "ChessBase"]
[SourceDate "1999.07.01"]

1. e4 e6 2. Nc3 d5 3. d4 Nf6 4. Bg5 Be7 5. e5 Nfd7 6. Bxe7 Qxe7 7. f4 a6 8. Nf3
c5 9. dxc5 Nc6 10. Bd3 Qxc5 11. Qd2 b5 12. a3 Nb6 13. b4 Qe7 14. O-O f5 15.
exf6 Qxf6 16. Rae1 O-O 17. Ne5 Bb7 18. Qe3 d4 19. Qh3 g6 20. Nxc6 dxc3 21. Rxe6
Bxc6 22. Rxf6 Rxf6 23. f5 Raf8 24. fxg6 hxg6 25. Qg3 Kh7 26. Qe5 Nd7 27. Qxc3
Kh6 28. Rxf6 Rxf6 29. Qd4 Re6 30. Qh8+ Kg5 31. g3 1-0

[Event "Silkeborg"]
[Site "Silkeborg"]
[Date "1983.??.??"]
[Round "2"]
[White "Hebden, Mark"]
[Black "Sahl, Bjarke"]
[Result "1-0"]
[WhiteElo "2495"]
[BlackElo "2300"]
[PlyCount "88"]
[EventDate "1983.10.??"]
[EventType "tourn"]
[EventRounds "11"]
[EventCountry "DEN"]
[EventCategory "7"]
[Source "ChessBase"]
[SourceDate "1999.07.01"]

1. e4 c5 2. f4 Nc6 3. Nf3 e6 4. Nc3 d5 5. Bb5 Nge7 6. exd5 exd5 7. Qe2 Qd6 8.
Ne5 f6 9. Bxc6+ bxc6 10. Nf3 g6 11. b3 Kf7 12. Ba3 Qxf4 13. Bxc5 Nf5 14. Bxf8
Rxf8 15. O-O Kg8 16. Rae1 Bd7 17. Qf2 Rf7 18. Na4 d4 19. Nc5 Qd6 20. Ne4 Qd5
21. c4 dxc3 22. dxc3 Qa5 23. c4 Raf8 24. h3 Qc7 25. Nd4 Ng7 26. c5 Ne8 27. Qc2
h6 28. Qc4 f5 29. Nc3 Kh7 30. Nf3 Ng7 31. Qh4 Nh5 32. Ne5 Rf6 33. Nc4 Be6 34.
Nd6 Qa5 35. Qd4 Qd8 36. Re5 Ng7 37. Rfe1 f4 38. Nce4 f3 39. Nxf6+ Qxf6 40. Rf1
Bd5 41. Rxd5 cxd5 42. Qxf6 Rxf6 43. Rxf3 Re6 44. Rd3 Re5 1-0

[Event "Silkeborg"]
[Site "Silkeborg"]
[Date "1983.??.??"]
[Round "4"]
[White "Hebden, Mark"]
[Black "Fries Nielsen, Jens Ove"]
[Result "1/2-1/2"]
[WhiteElo "2495"]
[BlackElo "2425"]
[PlyCount "84"]
[EventDate "1983.10.??"]
[EventType "tourn"]
[EventRounds "11"]
[EventCountry "DEN"]
[EventCategory "7"]
[Source "ChessBase"]
[SourceDate "1999.07.01"]

1. e4 c5 2. f4 e6 3. Nf3 Nc6 4. Nc3 d5 5. Bb5 a6 6. Bxc6+ bxc6 7. d3 Nf6 8. Qe2
Be7 9. O-O O-O 10. Ne5 Qc7 11. b3 a5 12. Na4 c4 13. bxc4 dxc4 14. Be3 c5 15.
Qf2 Nd7 16. Nxd7 Bxd7 17. Nxc5 Bxc5 18. Bxc5 Rfc8 19. Bb6 Qc6 20. Rad1 Qa4 21.
Bd4 f6 22. Rfe1 Bc6 23. Qe2 Rab8 24. dxc4 Kh8 25. c3 Bb7 26. c5 Bc6 27. Rd2 Re8
28. Qh5 Qc4 29. Rde2 e5 30. fxe5 fxe5 31. Bf2 a4 32. Re3 Qxa2 33. Rh3 h6 34.
Rf3 Qe6 35. Rd3 Red8 36. Rxd8+ Rxd8 37. Bg3 Re8 38. Qd1 Qg6 39. Qd6 Re6 40.
Qf8+ Kh7 41. Qf5 a3 42. Ra1 Bxe4 1/2-1/2

[Event "Silkeborg"]
[Site "Silkeborg"]
[Date "1983.??.??"]
[Round "7"]
[White "Knudsen, Per"]
[Black "Brinck Claussen, Bjorn"]
[Result "1/2-1/2"]
[WhiteElo "2295"]
[BlackElo "2385"]
[PlyCount "24"]
[EventDate "1983.10.??"]
[EventType "tourn"]
[EventRounds "11"]
[EventCountry "DEN"]
[EventCategory "7"]
[Source "ChessBase"]
[SourceDate "1999.07.01"]

1. Nf3 Nf6 2. c4 b6 3. g3 Bb7 4. Bg2 c5 5. b3 e6 6. Bb2 Be7 7. O-O O-O 8. Nc3
d6 9. d4 Ne4 10. Nxe4 Bxe4 11. Ne1 Bxg2 12. Nxg2 Bf6 1/2-1/2

[Event "Silkeborg"]
[Site "Silkeborg"]
[Date "1983.??.??"]
[Round "4"]
[White "Knudsen, Per"]
[Black "Sahl, Bjarke"]
[Result "1-0"]
[WhiteElo "2295"]
[BlackElo "2300"]
[PlyCount "129"]
[EventDate "1983.10.??"]
[EventType "tourn"]
[EventRounds "11"]
[EventCountry "DEN"]
[EventCategory "7"]
[Source "ChessBase"]
[SourceDate "1999.07.01"]

1. d4 Nf6 2. Nf3 e6 3. c4 c5 4. Nc3 a6 5. Bf4 cxd4 6. Qxd4 Nc6 7. Qd3 d5 8. e3
Qb6 9. Qc2 Be7 10. a3 O-O 11. Rd1 Rd8 12. Be2 dxc4 13. Rxd8+ Qxd8 14. Bxc4 b5
15. Bd3 Bb7 16. O-O Rc8 17. Qe2 b4 18. axb4 Nxb4 19. Bb1 Qa5 20. Ne5 Nbd5 21.
Nxd5 Qxd5 22. Nf3 Qh5 23. Rd1 Nd5 24. Bg3 Nb4 25. h3 Qc5 26. Ne5 g6 27. Qg4 Nc6
28. Qf3 Nxe5 29. Qxb7 Bf6 30. Qxa6 Kg7 31. b4 Qc3 32. Be4 Rc4 33. Bxe5 Bxe5 34.
Bf3 Rxb4 35. Qd3 Qc5 36. Qa3 h5 37. Rc1 Qb6 38. Qd3 h4 39. Be4 Rb3 40. Qd1 Ra3
41. Rb1 Qa5 42. Rb7 Ra1 43. Rb1 Ra2 44. Rb7 Rd2 45. Qb1 Qa4 46. Bf3 Ra2 47. Qe4
Qa5 48. Rb1 Ra1 49. Be2 Ra4 50. Qc6 Ra2 51. Qb5 Qc3 52. Qd3 Qc7 53. Qc4 Qa7 54.
Bd3 Rd2 55. Bf1 Qe7 56. Qb4 Qd7 57. Rb3 Ra2 58. Ra3 Rc2 59. Qe4 Qc7 60. Ra7 Qc3
61. Ra4 Rd2 62. Qxh4 Qb2 63. Rb4 Qa1 64. Ra4 Qe1 65. Ra8 1-0

[Event "Silkeborg"]
[Site "Silkeborg"]
[Date "1983.??.??"]
[Round "2"]
[White "Radulov, Ivan"]
[Black "Berg, Klaus"]
[Result "1-0"]
[WhiteElo "2490"]
[BlackElo "2400"]
[PlyCount "47"]
[EventDate "1983.10.??"]
[EventType "tourn"]
[EventRounds "11"]
[EventCountry "DEN"]
[EventCategory "7"]
[Source "ChessBase"]
[SourceDate "1999.07.01"]

1. e4 d5 2. exd5 Qxd5 3. Nc3 Qa5 4. d4 Nf6 5. Nf3 c6 6. Bc4 Bg4 7. h3 Bh5 8. g4
Bg6 9. Ne5 e6 10. Nxg6 hxg6 11. Bd2 Bb4 12. a3 Bxc3 13. Bxc3 Qb6 14. Qf3 Nd5
15. O-O-O Nxc3 16. Qxc3 Nd7 17. f4 O-O-O 18. f5 gxf5 19. gxf5 exf5 20. Bxf7 Nf8
21. d5 Qc7 22. dxc6 Rxd1+ 23. Rxd1 Qxf7 24. Qa5 1-0

[Event "Silkeborg"]
[Site "Silkeborg"]
[Date "1983.??.??"]
[Round "8"]
[White "Radulov, Ivan"]
[Black "Knudsen, Per"]
[Result "1-0"]
[WhiteElo "2490"]
[BlackElo "2295"]
[PlyCount "119"]
[EventDate "1983.10.??"]
[EventType "tourn"]
[EventRounds "11"]
[EventCountry "DEN"]
[EventCategory "7"]
[Source "ChessBase"]
[SourceDate "1999.07.01"]

1. e4 e6 2. d4 d5 3. Nd2 dxe4 4. Nxe4 Nd7 5. Nf3 Ngf6 6. Nxf6+ Nxf6 7. Bd3 c5
8. dxc5 Bxc5 9. O-O O-O 10. Bg5 Be7 11. Qe2 Qc7 12. Rad1 Rd8 13. Ne5 Bd7 14.
Bxh7+ Kxh7 15. Bxf6 Be8 16. Bxe7 Qxe7 17. Rd3 Rxd3 18. Qxd3+ Kg8 19. Rd1 Rc8
20. c3 b5 21. h3 b4 22. cxb4 Qxb4 23. b3 Qa5 24. Qe2 Bb5 25. Qe4 Be8 26. Qb7
Rc7 27. Nc4 Qh5 28. Qxc7 Qxd1+ 29. Kh2 Qd4 30. Qg3 Bc6 31. Qe3 Qd7 32. Ne5 Qd6
33. f4 Bb7 34. Qxa7 Qd2 35. Qb8+ Kh7 36. Qxb7 Qxf4+ 37. Kg1 Qc1+ 38. Kf2 Qb2+
39. Kf3 Qc3+ 40. Kf4 g5+ 41. Kxg5 Qxe5+ 42. Kg4 Qf5+ 43. Kg3 Qe5+ 44. Kf2 Qd4+
45. Ke2 Qb2+ 46. Kd3 Qb1+ 47. Kc4 Qc2+ 48. Kb5 Qf5+ 49. Kb4 Qf4+ 50. Ka3 Kg6
51. Qc6 Qe3 52. Kb2 f5 53. a4 Kf7 54. Qc3 Qf2+ 55. Qc2 Qd4+ 56. Ka2 Qd7 57. a5
e5 58. a6 e4 59. Qc5 Qe6 60. a7 1-0

[Event "Silkeborg"]
[Site "Silkeborg"]
[Date "1983.??.??"]
[Round "6"]
[White "Radulov, Ivan"]
[Black "Sahl, Bjarke"]
[Result "1/2-1/2"]
[WhiteElo "2490"]
[BlackElo "2300"]
[PlyCount "67"]
[EventDate "1983.10.??"]
[EventType "tourn"]
[EventRounds "11"]
[EventCountry "DEN"]
[EventCategory "7"]
[Source "ChessBase"]
[SourceDate "1999.07.01"]

1. e4 c5 2. Nf3 Nc6 3. d4 cxd4 4. Nxd4 g6 5. Be3 Bg7 6. Nc3 Nf6 7. Be2 O-O 8.
O-O d6 9. Qd2 Nxd4 10. Bxd4 Be6 11. Rad1 Qc8 12. Rfe1 Rd8 13. Nd5 Bxd5 14. exd5
a6 15. Bf1 Re8 16. a4 Nd7 17. Bxg7 Kxg7 18. a5 Ne5 19. Re3 Qf5 20. Qd4 Qf6 21.
f4 Nd7 22. g3 Rac8 23. Bh3 Qxd4 24. Rxd4 Rc7 25. Bxd7 Rxd7 26. Rc4 e5 27. dxe6
fxe6 28. Kf2 Kf6 29. Rec3 Ree7 30. Rc8 g5 31. fxg5+ Kxg5 32. Rf3 Rc7 33. Rg8+
Rg7 34. Rxg7+ 1/2-1/2

[Event "Silkeborg"]
[Site "Silkeborg"]
[Date "1983.??.??"]
[Round "4"]
[White "Radulov, Ivan"]
[Black "Scheeren, Peter"]
[Result "1/2-1/2"]
[WhiteElo "2490"]
[BlackElo "2455"]
[PlyCount "23"]
[EventDate "1983.10.??"]
[EventType "tourn"]
[EventRounds "11"]
[EventCountry "DEN"]
[EventCategory "7"]
[Source "ChessBase"]
[SourceDate "1999.07.01"]

1. e4 e5 2. Nf3 Nc6 3. Bc4 Nf6 4. d3 Bc5 5. O-O d6 6. c3 a6 7. Bb3 h6 8. d4 Ba7
9. dxe5 dxe5 10. Qxd8+ Nxd8 11. Nxe5 Nxe4 12. Nd2 1/2-1/2

[Event "Silkeborg"]
[Site "Silkeborg"]
[Date "1983.??.??"]
[Round "3"]
[White "Sahl, Bjarke"]
[Black "Fries Nielsen, Jens Ove"]
[Result "1-0"]
[WhiteElo "2300"]
[BlackElo "2425"]
[PlyCount "81"]
[EventDate "1983.10.??"]
[EventType "tourn"]
[EventRounds "11"]
[EventCountry "DEN"]
[EventCategory "7"]
[Source "ChessBase"]
[SourceDate "1999.07.01"]

1. e4 c5 2. Nf3 e6 3. Nc3 a6 4. Be2 Nc6 5. O-O Nge7 6. d4 cxd4 7. Nxd4 Nxd4 8.
Qxd4 Nc6 9. Qd2 Be7 10. b3 O-O 11. Bb2 b5 12. Rad1 Bf6 13. f4 Bd4+ 14. Kh1 f6
15. Rf3 Bb7 16. Rd3 e5 17. a3 Rc8 18. Bf3 b4 19. Na4 a5 20. axb4 Nxb4 21. Bxd4
exd4 22. Rxd4 Rxc2 23. Qe3 Bc6 24. Rd6 Qe7 25. Nb6 Re8 26. h3 Rd8 27. Nc4 Ra2
28. e5 Bxf3 29. Qxf3 fxe5 30. Nxe5 Ra1 31. Rxa1 Qxd6 32. Rxa5 Nc6 33. Rd5 Nxe5
34. fxe5 Qc6 35. Qd1 Qe6 36. Qd4 h5 37. b4 h4 38. b5 Rf8 39. Rxd7 Qb3 40. Qxh4
Qxb5 41. Qd4 1-0

[Event "Silkeborg"]
[Site "Silkeborg"]
[Date "1983.??.??"]
[Round "9"]
[White "Sahl, Bjarke"]
[Black "Berg, Klaus"]
[Result "1/2-1/2"]
[WhiteElo "2300"]
[BlackElo "2400"]
[PlyCount "115"]
[EventDate "1983.10.??"]
[EventType "tourn"]
[EventRounds "11"]
[EventCountry "DEN"]
[EventCategory "7"]
[Source "ChessBase"]
[SourceDate "1999.07.01"]

1. e4 c5 2. Nf3 e6 3. Nc3 a6 4. Be2 d6 5. O-O b5 6. d4 cxd4 7. Nxd4 Bb7 8. f4
Nf6 9. Bd3 Nbd7 10. a3 Be7 11. Kh1 O-O 12. Qe2 Nc5 13. Bd2 Rc8 14. b4 Nxd3 15.
cxd3 Re8 16. Rac1 Bf8 17. h3 g6 18. Qf2 Bg7 19. Nb3 Nd7 20. Na5 Ba8 21. a4 d5
22. axb5 dxe4 23. dxe4 axb5 24. Nxb5 Rxc1 25. Rxc1 Nf6 26. Nc7 Nxe4 27. Qe1
Nxd2 28. Nxa8 Qxa8 29. Qxd2 Bh6 30. Nc6 e5 31. Qd7 Bxf4 32. Rf1 Kg7 33. b5 Qc8
34. Qxc8 Rxc8 35. Rf3 g5 36. g3 e4 37. Rb3 Bd6 38. Nd4 Rc1+ 39. Kg2 Kg6 40. b6
Rc4 41. Nb5 Bb8 42. g4 h5 43. b7 hxg4 44. hxg4 e3 45. Kf3 Rf4+ 46. Kxe3 Rxg4
47. Rb1 Ra4 48. Nd4 Ra6 49. Ke4 Rd6 50. Rb5 g4 51. Rc5 g3 52. Rc8 Ba7 53. Nc6
g2 54. Nxa7 g1=Q 55. Rg8+ Kh7 56. Rxg1 Rb6 57. Nc6 Rxb7 58. Kf5 1/2-1/2

[Event "Silkeborg"]
[Site "Silkeborg"]
[Date "1983.??.??"]
[Round "7"]
[White "Sahl, Bjarke"]
[Black "Velikov, Petar"]
[Result "1-0"]
[WhiteElo "2300"]
[BlackElo "2460"]
[PlyCount "65"]
[EventDate "1983.10.??"]
[EventType "tourn"]
[EventRounds "11"]
[EventCountry "DEN"]
[EventCategory "7"]
[Source "ChessBase"]
[SourceDate "1999.07.01"]

1. e4 c5 2. Nf3 e6 3. Nc3 a6 4. Be2 Nc6 5. O-O d6 6. d4 cxd4 7. Nxd4 Nf6 8. Be3
Be7 9. f4 Qc7 10. Kh1 O-O 11. Qe1 Nxd4 12. Bxd4 b5 13. e5 Ne8 14. Bd3 Bb7 15.
Ne4 Rd8 16. Nf6+ Nxf6 17. exf6 Bxf6 18. Bxf6 gxf6 19. Qg3+ Kh8 20. Qh4 f5 21.
Qf6+ Kg8 22. Rf3 Bxf3 23. gxf3 Rfe8 24. Qh6 Qc5 25. Rg1+ Qxg1+ 26. Kxg1 Rc8 27.
h4 b4 28. h5 a5 29. Qf6 Ra8 30. Bc4 d5 31. Bb5 Red8 32. h6 Kf8 33. Bd7 1-0

[Event "Silkeborg"]
[Site "Silkeborg"]
[Date "1983.??.??"]
[Round "11"]
[White "Sahl, Bjarke"]
[Black "Scheeren, Peter"]
[Result "0-1"]
[WhiteElo "2300"]
[BlackElo "2455"]
[PlyCount "60"]
[EventDate "1983.10.??"]
[EventType "tourn"]
[EventRounds "11"]
[EventCountry "DEN"]
[EventCategory "7"]
[Source "ChessBase"]
[SourceDate "1999.07.01"]

1. e4 e5 2. Nf3 Nc6 3. Nc3 Nf6 4. d4 exd4 5. Nxd4 Bb4 6. Nxc6 bxc6 7. Bd3 O-O
8. O-O d5 9. exd5 cxd5 10. Bg5 c6 11. Qf3 Bd6 12. h3 Rb8 13. Rab1 h6 14. Bf4
Re8 15. Rfd1 Be6 16. b3 Rb4 17. Bxd6 Qxd6 18. Ne2 a5 19. c3 Rbb8 20. Rd2 Bd7
21. Rbd1 Re5 22. c4 Rbe8 23. cxd5 cxd5 24. Nd4 a4 25. Re2 axb3 26. axb3 Ne4 27.
Bxe4 Rxe4 28. Rxe4 Rxe4 29. Qd3 Qc5 30. Nc2 Bb5 0-1

[Event "Silkeborg"]
[Site "Silkeborg"]
[Date "1983.??.??"]
[Round "5"]
[White "Sahl, Bjarke"]
[Black "Brinck Claussen, Bjorn"]
[Result "1/2-1/2"]
[WhiteElo "2300"]
[BlackElo "2385"]
[PlyCount "37"]
[EventDate "1983.10.??"]
[EventType "tourn"]
[EventRounds "11"]
[EventCountry "DEN"]
[EventCategory "7"]
[Source "ChessBase"]
[SourceDate "1999.07.01"]

1. e4 e5 2. Nf3 Nc6 3. Nc3 Nf6 4. d4 exd4 5. Nxd4 Bb4 6. Nxc6 bxc6 7. Bd3 O-O
8. O-O d5 9. exd5 cxd5 10. Bg5 c6 11. Ne2 Re8 12. Nd4 Qd6 13. c3 Bc5 14. Bxf6
Qxf6 15. Qa4 Bd7 16. Rae1 g6 17. Rxe8+ Rxe8 18. Nb3 Bb6 19. Qb4 1/2-1/2

[Event "Silkeborg"]
[Site "Silkeborg"]
[Date "1983.??.??"]
[Round "1"]
[White "Scheeren, Peter"]
[Black "Fries Nielsen, Jens Ove"]
[Result "1-0"]
[WhiteElo "2455"]
[BlackElo "2425"]
[PlyCount "75"]
[EventDate "1983.10.??"]
[EventType "tourn"]
[EventRounds "11"]
[EventCountry "DEN"]
[EventCategory "7"]
[Source "ChessBase"]
[SourceDate "1999.07.01"]

1. d4 d5 2. c4 e6 3. Nf3 Nf6 4. g3 c5 5. cxd5 exd5 6. Bg2 Nc6 7. O-O Be7 8. Nc3
O-O 9. Bg5 cxd4 10. Nxd4 h6 11. Be3 Re8 12. Rc1 Bf8 13. Nxc6 bxc6 14. Na4 Qd7
15. Bc5 Bxc5 16. Nxc5 Qe7 17. e3 Rb8 18. Qd4 Bf5 19. Rfd1 Ng4 20. b3 Ne5 21.
Rc3 Bg4 22. Rdc1 Rbd8 23. Nd3 Nxd3 24. Rxd3 Bf5 25. Rdc3 Qa3 26. Qd2 Qb4 27.
R3c2 c5 28. Qxb4 cxb4 29. Rd2 Rc8 30. Rxc8 Rxc8 31. Bxd5 Rc1+ 32. Kg2 Ra1 33.
e4 Bg6 34. Rc2 a5 35. f4 Kh7 36. g4 f6 37. Rc8 Rxa2+ 38. Kg3 1-0

[Event "Silkeborg"]
[Site "Silkeborg"]
[Date "1983.??.??"]
[Round "9"]
[White "Scheeren, Peter"]
[Black "Hebden, Mark"]
[Result "0-1"]
[WhiteElo "2455"]
[BlackElo "2495"]
[PlyCount "80"]
[EventDate "1983.10.??"]
[EventType "tourn"]
[EventRounds "11"]
[EventCountry "DEN"]
[EventCategory "7"]
[Source "ChessBase"]
[SourceDate "1999.07.01"]

1. Nf3 Nf6 2. g3 g6 3. Bg2 Bg7 4. O-O O-O 5. d4 d6 6. c4 Nc6 7. d5 Na5 8. Nfd2
c5 9. Nc3 a6 10. Qc2 Rb8 11. b3 e5 12. Bb2 b5 13. Rae1 bxc4 14. bxc4 Nh5 15. e4
Bh6 16. Bc1 Bxd2 17. Bxd2 Nxc4 18. Bh6 Re8 19. Nb1 Nb6 20. f4 exf4 21. gxf4 Bd7
22. Bf3 Na4 23. Qf2 Rb2 24. Nd2 Ng7 25. Kh1 f5 26. Bxg7 Kxg7 27. e5 Bb5 28. Rg1
dxe5 29. fxe5 Nb6 30. a4 Bxa4 31. d6 Nc4 32. Qxc5 Nxd2 33. Bg2 Qb6 34. Qc3 Re6
35. Qc8 Re8 36. Qc3 Nb1 37. Qc4 Rxg2 38. Rxg2 Bc6 39. Rc1 Rc8 40. Qf1 Bxg2+ 0-1

[Event "Silkeborg"]
[Site "Silkeborg"]
[Date "1983.??.??"]
[Round "7"]
[White "Scheeren, Peter"]
[Black "Berg, Klaus"]
[Result "1/2-1/2"]
[WhiteElo "2455"]
[BlackElo "2400"]
[PlyCount "81"]
[EventDate "1983.10.??"]
[EventType "tourn"]
[EventRounds "11"]
[EventCountry "DEN"]
[EventCategory "7"]
[Source "ChessBase"]
[SourceDate "1999.07.01"]

1. d4 Nf6 2. c4 c5 3. d5 b5 4. cxb5 a6 5. f3 d6 6. e4 g6 7. Nc3 Bg7 8. Be3 O-O
9. Qd2 Qa5 10. Bh6 Bxh6 11. Qxh6 axb5 12. Bxb5 Ba6 13. Bxa6 Nxa6 14. Nge2 Rfb8
15. Qd2 c4 16. Rb1 Nc5 17. O-O Nd3 18. Nc1 Qc5+ 19. Kh1 Nxc1 20. Rbxc1 Nd7 21.
f4 Rb4 22. Rc2 Rab8 23. h3 Qb6 24. Nd1 Qa6 25. Nc3 Nc5 26. f5 Nd3 27. Qg5 Qa7
28. f6 exf6 29. Qxf6 Rxb2 30. Rxb2 Rxb2 31. Qxd6 Nf2+ 32. Kh2 Qd4 33. Qg3 Nxe4
34. Nxe4 Qxe4 35. d6 Rd2 36. Rc1 Rxg2+ 37. Qxg2 Qf4+ 38. Qg3 Qxc1 39. Qe5 Qd2+
40. Kg3 Qd3+ 41. Kf4 1/2-1/2

[Event "Silkeborg"]
[Site "Silkeborg"]
[Date "1983.??.??"]
[Round "10"]
[White "Scheeren, Peter"]
[Black "Hansen, Curt"]
[Result "1/2-1/2"]
[WhiteElo "2455"]
[BlackElo "2450"]
[PlyCount "72"]
[EventDate "1983.10.??"]
[EventType "tourn"]
[EventRounds "11"]
[EventCountry "DEN"]
[EventCategory "7"]
[Source "ChessBase"]
[SourceDate "1999.07.01"]

1. d4 Nf6 2. c4 e6 3. g3 c5 4. d5 exd5 5. cxd5 b5 6. Bg2 d6 7. Nf3 g6 8. O-O
Bg7 9. Re1 O-O 10. e4 Nbd7 11. a4 b4 12. Bf4 Nb6 13. a5 Nc4 14. Qc2 Nxa5 15.
Bxd6 Qxd6 16. Rxa5 Bg4 17. Nfd2 Rfe8 18. h3 Bf5 19. Rd1 Nxe4 20. Nxe4 Qb6 21.
Rxc5 Bxe4 22. Bxe4 b3 23. Qc4 Rxe4 24. Qxe4 Qxc5 25. d6 Rd8 26. Qe7 Qb6 27. d7
Bf6 28. Qe2 Qe6 29. Qd2 Qxh3 30. Nc3 Kg7 31. Ne4 Qf5 32. Nxf6 Qxf6 33. Qa5 h5
34. Qxa7 h4 35. gxh4 Qxh4 36. Qd4+ Qxd4 1/2-1/2

[Event "Silkeborg"]
[Site "Silkeborg"]
[Date "1983.??.??"]
[Round "1"]
[White "Spassov, Liuben"]
[Black "Radulov, Ivan"]
[Result "1/2-1/2"]
[WhiteElo "2475"]
[BlackElo "2490"]
[PlyCount "33"]
[EventDate "1983.10.??"]
[EventType "tourn"]
[EventRounds "11"]
[EventCountry "DEN"]
[EventCategory "7"]
[Source "ChessBase"]
[SourceDate "1999.07.01"]

1. c4 c5 2. Nc3 Nc6 3. g3 g6 4. Bg2 Bg7 5. e3 e6 6. Nge2 Nge7 7. d4 cxd4 8.
Nxd4 Nxd4 9. exd4 d5 10. cxd5 Nxd5 11. Nxd5 exd5 12. O-O O-O 13. Qb3 Be6 14.
Be3 Qd7 15. Rfc1 Rac8 16. a4 b6 17. Bf1 1/2-1/2

[Event "Silkeborg"]
[Site "Silkeborg"]
[Date "1983.??.??"]
[Round "10"]
[White "Spassov, Liuben"]
[Black "Knudsen, Per"]
[Result "1-0"]
[WhiteElo "2475"]
[BlackElo "2295"]
[PlyCount "43"]
[EventDate "1983.10.??"]
[EventType "tourn"]
[EventRounds "11"]
[EventCountry "DEN"]
[EventCategory "7"]
[Source "ChessBase"]
[SourceDate "1999.07.01"]

1. d4 d5 2. c4 c6 3. Nf3 Nf6 4. Nc3 Bf5 5. cxd5 Nxd5 6. e3 e6 7. Bd3 Bxd3 8.
Qxd3 Nd7 9. O-O Be7 10. e4 N5f6 11. Bg5 h6 12. Be3 O-O 13. Rad1 Qc7 14. h3 Rad8
15. Nh2 c5 16. d5 Nb6 17. Nb5 Qe5 18. d6 c4 19. Qc3 Qh5 20. dxe7 Rxd1 21.
exf8=Q+ Kxf8 22. Nxa7 1-0

[Event "Silkeborg"]
[Site "Silkeborg"]
[Date "1983.??.??"]
[Round "4"]
[White "Spassov, Liuben"]
[Black "Berg, Klaus"]
[Result "1/2-1/2"]
[WhiteElo "2475"]
[BlackElo "2400"]
[PlyCount "48"]
[EventDate "1983.10.??"]
[EventType "tourn"]
[EventRounds "11"]
[EventCountry "DEN"]
[EventCategory "7"]
[Source "ChessBase"]
[SourceDate "1999.07.01"]

1. d4 Nf6 2. c4 c5 3. d5 b5 4. Nf3 g6 5. Nbd2 bxc4 6. e4 d6 7. Bxc4 Bg7 8. O-O
O-O 9. Re1 a5 10. Rb1 a4 11. h3 Qa5 12. Bf1 Ba6 13. Nc4 Bxc4 14. Bxc4 Nbd7 15.
Bd2 Qc7 16. Bc3 Nb6 17. Nd2 Nxc4 18. Nxc4 Nd7 19. Qc2 Rfb8 20. h4 Bxc3 21. bxc3
Qa7 22. h5 Qa6 23. Ne3 a3 24. h6 f6 1/2-1/2

[Event "Silkeborg"]
[Site "Silkeborg"]
[Date "1983.??.??"]
[Round "8"]
[White "Spassov, Liuben"]
[Black "Sahl, Bjarke"]
[Result "1-0"]
[WhiteElo "2475"]
[BlackElo "2300"]
[PlyCount "75"]
[EventDate "1983.10.??"]
[EventType "tourn"]
[EventRounds "11"]
[EventCountry "DEN"]
[EventCategory "7"]
[Source "ChessBase"]
[SourceDate "1999.07.01"]

1. d4 Nf6 2. c4 c5 3. d5 a6 4. a4 e6 5. Nc3 exd5 6. cxd5 d6 7. Nf3 g6 8. e4 Bg7
9. Bf4 O-O 10. Be2 Bg4 11. O-O Qe7 12. Nd2 Bxe2 13. Qxe2 Nh5 14. Be3 Nd7 15. a5
Rae8 16. Ra4 Be5 17. g3 Ng7 18. Bh6 f5 19. exf5 Rxf5 20. Re4 Nf6 21. Re3 Rh5
22. Bxg7 Qxg7 23. Nde4 Nxe4 24. Nxe4 Rf8 25. Nd2 Qe7 26. h4 Qf7 27. Nf3 Bd4 28.
Ng5 Qxd5 29. Re8 h6 30. Re1 Be5 31. Rd1 Bd4 32. Rxd4 cxd4 33. Qe7 Rxe8 34.
Qxe8+ Kg7 35. Ne6+ Kf6 36. Nf4 Qf5 37. Qf8+ Ke5 38. Qe7+ 1-0

[Event "Silkeborg"]
[Site "Silkeborg"]
[Date "1983.??.??"]
[Round "6"]
[White "Spassov, Liuben"]
[Black "Scheeren, Peter"]
[Result "1/2-1/2"]
[WhiteElo "2475"]
[BlackElo "2455"]
[PlyCount "45"]
[EventDate "1983.10.??"]
[EventType "tourn"]
[EventRounds "11"]
[EventCountry "DEN"]
[EventCategory "7"]
[Source "ChessBase"]
[SourceDate "1999.07.01"]

1. d4 Nf6 2. c4 g6 3. Nc3 Bg7 4. e4 d6 5. f3 c5 6. d5 O-O 7. Bg5 e6 8. Qd2 exd5
9. cxd5 b6 10. a4 Ba6 11. Bxa6 Nxa6 12. Nge2 h6 13. Be3 Kh7 14. O-O Re8 15.
Rab1 Qd7 16. Nc1 Rac8 17. b3 Nb4 18. Kh1 Qe7 19. N1a2 Nxa2 20. Nxa2 Nd7 21. Bf4
Ne5 22. Nc3 Qd7 23. Bg3 1/2-1/2

[Event "Silkeborg"]
[Site "Silkeborg"]
[Date "1983.??.??"]
[Round "6"]
[White "Velikov, Petar"]
[Black "Hansen, Curt"]
[Result "1/2-1/2"]
[WhiteElo "2460"]
[BlackElo "2450"]
[PlyCount "73"]
[EventDate "1983.10.??"]
[EventType "tourn"]
[EventRounds "11"]
[EventCountry "DEN"]
[EventCategory "7"]
[Source "ChessBase"]
[SourceDate "1999.07.01"]

1. d4 Nf6 2. c4 e6 3. Nf3 c5 4. d5 exd5 5. cxd5 d6 6. Nc3 g6 7. e4 Bg7 8. Be2
O-O 9. Bf4 Bg4 10. O-O a6 11. a4 Re8 12. Nd2 Bxe2 13. Qxe2 Nh5 14. Be3 Nd7 15.
a5 Bd4 16. Ra4 Bxe3 17. Qxe3 f5 18. f4 Nhf6 19. Qg3 fxe4 20. Ndxe4 b5 21. axb6
Nxb6 22. Nxf6+ Qxf6 23. Raa1 Nc4 24. f5 Ne3 25. Rf4 Nxf5 26. Qf2 Qe5 27. Rf1
Qe3 28. g4 Qxf2+ 29. R1xf2 Re1+ 30. Kg2 Ne3+ 31. Kg3 Nd1 32. Nxd1 Rxd1 33. Rf7
Rd3+ 34. Kh4 Re8 35. Rd7 Re5 36. Rd8+ Kg7 37. Rd7+ 1/2-1/2